[Event "FRA-chT Top 16 Haute"]
[Site "Belfort"]
[Date "2025.05.30"]
[Round "2.1"]
[White "Puranik, Abhimanyu Sameer"]
[Black "Laurent Paoli, Pierre"]
[Result "1/2-1/2"]
[WhiteElo "2624"]
[BlackElo "2544"]
[PlyCount "55"]
[EventDate "2025.05.29"]
[EventType "team-tourn"]
[EventRounds "4"]
[EventCountry "FRA"]
[SourceTitle "CB23_2025"]
[SourceDate "2025.06.04"]
[SourceVersion "1"]
[SourceVersionDate "2025.06.04"]
[SourceQuality "1"]
[WhiteTeam "Mulhouse Philidor"]
[BlackTeam "Marseille"]
[WhiteTeamCountry "FRA"]
[BlackTeamCountry "FRA"]

1. d4 Nf6 2. c4 e6 3. Nc3 Bb4 4. e3 0-0 5. Bd3 d5 6. a3 Bxc3+ 7. bxc3 dxc4 8. Bxc4 c5 9. Ne2 Qc7 10. Bd3 Nc6 11. 0-0 e5 12. Ng3 Rd8 13. Nh5 Nxh5 14. Qxh5 h6 15. Rb1 Qe7 16. f4 e4 17. Be2 b6 18. a4 cxd4 19. cxd4 f5 20. d5 Na5 21. Rd1 Bd7 22. Rd4 Qf7 23. Ba3 Qxh5 24. Bxh5 Rdc8 25. Bb4 Nc4 26. Kf2 Bxa4 27. Be2 Bc2 28. Ra1 1/2-1/2

[Event "FRA-chT Top 16 GpA"]
[Site "Belfort"]
[Date "2025.05.25"]
[Round "4.3"]
[White "Puranik, Abhimanyu Sameer"]
[Black "Lamard, Guillaume"]
[Result "1-0"]
[WhiteElo "2624"]
[BlackElo "2500"]
[PlyCount "117"]
[EventDate "2025.05.22"]
[EventType "team-tourn"]
[EventRounds "7"]
[EventCountry "FRA"]
[SourceTitle "CB22_2025"]
[SourceDate "2025.05.28"]
[SourceVersion "1"]
[SourceVersionDate "2025.05.28"]
[SourceQuality "1"]
[WhiteTeam "Mulhouse Philidor"]
[BlackTeam "Cannes"]
[WhiteTeamCountry "FRA"]
[BlackTeamCountry "FRA"]

1. c4 c5 2. Nc3 Nc6 3. g3 g6 4. Bg2 Bg7 5. a3 d6 6. Rb1 a5 7. d3 e5 8. Nf3 Nge7 9. 0-0 0-0 10. Bg5 f6 11. Bd2 Be6 12. Ne1 Bf7 13. Nc2 d5 14. cxd5 Nxd5 15. Ne3 Nde7 16. Nc4 Rb8 17. Nb5 b6 18. b4 axb4 19. axb4 Nxb4 20. Bxb4 cxb4 21. Rxb4 Nd5 22. Rb1 Qd7 23. Qa4 Be6 24. Rfc1 Rfc8 25. Qb3 Rc5 26. Qb2 Kh8 27. h4 Bg8 28. Kh2 Qe7 29. Ncd6 Rd8 30. Rxc5 bxc5 31. Nc4 f5 32. Qc1 Nb4 33. Ncd6 Na6 34. Nb7 Rd7 35. Na5 Nb4 36. Nb3 c4 37. dxc4 e4 38. c5 Nc6 39. e3 Rd8 40. Kg1 Ne5 41. N5d4 Nd3 42. Qc2 Rc8 43. c6 Qd6 44. Na5 Qa3 45. Nb7 Bd5 46. Rb5 Bg8 47. Bf1 Ne1 48. Qd1 Nd3 49. Ra5 Qc3 50. Bxd3 exd3 51. Rc5 Qa3 52. Qd2 Bxd4 53. exd4 Qa1+ 54. Rc1 Qxd4 55. Nd6 Rf8 56. Nb5 Qe5 57. Qxd3 Bd5 58. c7 Kg7 59. c8Q 1-0

[Event "Chess.com Classic Play In"]
[Site "Chess.com INT"]
[Date "2025.05.19"]
[Round "2"]
[White "Atabayev, Saparmyrat"]
[Black "Puranik, Abhimanyu Sameer"]
[Result "1-0"]
[WhiteElo "2515"]
[BlackElo "2624"]
[PlyCount "77"]
[EventDate "2025.05.19"]
[EventType "swiss (blitz)"]
[EventRounds "9"]
[EventCountry "USA"]
[SourceTitle "CB21_2025"]
[SourceDate "2025.05.21"]
[SourceVersion "1"]
[SourceVersionDate "2025.05.21"]
[SourceQuality "1"]

1. e4 e5 2. Nf3 Nc6 3. Bc4 Bc5 4. c3 Nf6 5. d3 d6 6. 0-0 a5 7. Nbd2 0-0 8. Re1 h6 9. Nf1 Bb6 10. Ng3 Be6 11. Bb5 Ne7 12. d4 c6 13. Bd3 Ng6 14. h3 Re8 15. Be3 a4 16. Bc2 a3 17. b3 Qc7 18. Qd2 Rad8 19. Rad1 d5 20. Qc1 dxe4 21. Nxe5 Nxe5 22. Bf4 Nf3+ 23. gxf3 Qd7 24. Nxe4 Nxe4 25. fxe4 Bxh3 26. Rd3 Bg4 27. Rg3 h5 28. f3 Be6 29. Be5 Bg4 30. Bxg7 Kxg7 31. Qg5+ Kf8 32. fxg4 hxg4 33. Rf1 Qe6 34. Bd3 Qe5 35. Qxg4 Re6 36. Qg8+ Ke7 37. Rxf7+ Kd6 38. Qxd8+ Bxd8 39. dxe5+ 1-0

[Event "Chess.com Classic Play In"]
[Site "Chess.com INT"]
[Date "2025.05.19"]
[Round "4"]
[White "Puranik, Abhimanyu Sameer"]
[Black "Fier, Alexandr"]
[Result "0-1"]
[WhiteElo "2624"]
[BlackElo "2556"]
[PlyCount "72"]
[EventDate "2025.05.19"]
[EventType "swiss (blitz)"]
[EventRounds "9"]
[EventCountry "USA"]
[SourceTitle "CB21_2025"]
[SourceDate "2025.05.21"]
[SourceVersion "1"]
[SourceVersionDate "2025.05.21"]
[SourceQuality "1"]

1. Nf3 c5 2. g3 b6 3. Bg2 Bb7 4. c4 e6 5. 0-0 Nf6 6. Nc3 a6 7. Qc2 d6 8. Rd1 Nbd7 9. d4 cxd4 10. Rxd4 Be7 11. Rd1 Qc7 12. Bf4 0-0 13. b3 Rac8 14. Rac1 h6 15. h3 Rfd8 16. g4 Ne5 17. Nxe5 Bxg2 18. Nxf7 Bxh3 19. Nxd8 Rxd8 20. f3 h5 21. Ne4 hxg4 22. Ng5 Qc5+ 23. e3 e5 24. Ne6 Qc8 25. Nxd8 exf4 26. exf4 gxf3 27. Qg6 Bxd8 28. Re1 Qc5+ 29. Kh1 Bd7 30. Rg1 Nh5 31. Rce1 Qc6 32. Qxh5 f2+ 33. Kh2 fxg1Q+ 34. Rxg1 Qe4 35. Rg3 Bc6 36. Qd1 Qxf4 0-1

[Event "Asia-ch"]
[Site "Al Ain"]
[Date "2025.05.13"]
[Round "7"]
[White "Puranik, Abhimanyu Sameer"]
[Black "Movahed, Sina"]
[Result "1-0"]
[WhiteElo "2624"]
[BlackElo "2518"]
[PlyCount "55"]
[EventDate "2025.05.07"]
[EventType "swiss"]
[EventRounds "9"]
[EventCountry "UAE"]
[SourceTitle "CB21_2025"]
[SourceDate "2025.05.21"]
[SourceVersion "1"]
[SourceVersionDate "2025.05.21"]
[SourceQuality "1"]

1. e4 c5 2. Nf3 e6 3. d4 cxd4 4. Nxd4 Nf6 5. Nc3 Nc6 6. a3 Be7 7. Be3 0-0 8. Bd3 d6 9. Qe2 e5 10. Nb3 Be6 11. 0-0-0 Na5 12. Nxa5 Qxa5 13. Bc4 Nxe4 14. Nxe4 d5 15. Bb3 dxe4 16. Bxe6 fxe6 17. Qg4 Rf5 18. Rd7 Bf8 19. Qxe4 Rd8 20. Qxb7 Rxd7 21. Qxd7 Qd5 22. Rd1 Qa2 23. Qb5 Rf7 24. Rd8 h6 25. Kd2 Qb1 26. Qxe5 Rf6 27. Bc5 Qf1 28. Qd6 1-0

[Event "Asia-ch"]
[Site "Al Ain"]
[Date "2025.05.09"]
[Round "3"]
[White "Puranik, Abhimanyu Sameer"]
[Black "Megaranto, Susanto"]
[Result "1/2-1/2"]
[WhiteElo "2624"]
[BlackElo "2477"]
[PlyCount "41"]
[EventDate "2025.05.07"]
[EventType "swiss"]
[EventRounds "9"]
[EventCountry "UAE"]
[SourceTitle "CB21_2025"]
[SourceDate "2025.05.21"]
[SourceVersion "1"]
[SourceVersionDate "2025.05.21"]
[SourceQuality "1"]

1. e4 c5 2. Nf3 a6 3. c3 d6 4. d4 Nf6 5. Bd3 Bg4 6. Nbd2 cxd4 7. cxd4 e6 8. h3 Bh5 9. d5 exd5 10. exd5 Be7 11. 0-0 Nbd7 12. Nc4 Ne5 13. Ncxe5 dxe5 14. g4 Bg6 15. Nxe5 Bxd3 16. Nxd3 0-0 17. Re1 Re8 18. Re5 Bd6 19. Rxe8+ Qxe8 20. Bf4 Rd8 21. Qb3 1/2-1/2

[Event "Asia-ch"]
[Site "Al Ain"]
[Date "2025.05.08"]
[Round "2"]
[White "Sapenov, Daniyal"]
[Black "Puranik, Abhimanyu Sameer"]
[Result "0-1"]
[WhiteElo "2415"]
[BlackElo "2624"]
[PlyCount "148"]
[EventDate "2025.05.07"]
[EventType "swiss"]
[EventRounds "9"]
[EventCountry "UAE"]
[SourceTitle "CB21_2025"]
[SourceDate "2025.05.21"]
[SourceVersion "1"]
[SourceVersionDate "2025.05.21"]
[SourceQuality "1"]

1. Nf3 d5 2. g3 Nf6 3. Bg2 c5 4. 0-0 e6 5. c4 d4 6. e3 Nc6 7. d3 h6 8. exd4 cxd4 9. Re1 Bd6 10. Na3 0-0 11. Nc2 Re8 12. b4 Nxb4 13. Nfxd4 e5 14. Nb5 Bg4 15. Qd2 Nc6 16. Nxd6 Qxd6 17. Rb1 Qd7 18. Ne3 Be6 19. Bb2 Rad8 20. Ba1 b6 21. Rb5 Bh3 22. Nd5 Bxg2 23. Nxf6+ gxf6 24. Kxg2 Kg7 25. Re3 Qg4 26. Qc2 Re6 27. Re4 Qg6 28. Qe2 h5 29. Rd5 Red6 30. Rxd6 Rxd6 31. f4 exf4 32. d4 fxg3 33. hxg3 b5 34. d5 Nb8 35. Rf4 bxc4 36. Qe7 Ra6 37. a4 c3 38. d6 Rxa4 39. Rxa4 Qc2+ 40. Kh3 Qxa4 41. Bxc3 Qg4+ 42. Kh2 Nd7 43. Qe3 a6 44. Qe1 Qg5 45. Qe4 Qc5 46. Qe7 Qf2+ 47. Kh3 Nc5 48. Qe1 Qf5+ 49. Kh2 Qc2+ 50. Kh1 Qd3 51. Qd2 Qxd2 52. Bxd2 Kg6 53. Bb4 Nd7 54. Kg2 Kf5 55. Kh3 Ke6 56. Kh4 f5 57. Kxh5 Nf6+ 58. Kg5 Ne4+ 59. Kf4 Nxd6 60. Ke3 a5 61. Be1 a4 62. Kd4 a3 63. Kc3 Nb5+ 64. Kb3 Nd4+ 65. Ka2 Kd5 66. Bd2 Nb5 67. Kb3 Ke4 68. Bf4 Kf3 69. Be5 f6 70. Bb8 Nd4+ 71. Kxa3 Ne2 72. Kb3 Nxg3 73. Kc2 f4 74. Kd2 Nh5 0-1

[Event "Menorca op-A 4th"]
[Site "Ciutadella"]
[Date "2025.04.26"]
[Round "8"]
[White "Puranik, Abhimanyu Sameer"]
[Black "Sherman, Reem"]
[Result "1-0"]
[WhiteElo "2636"]
[BlackElo "2380"]
[PlyCount "73"]
[EventDate "2025.04.22"]
[EventType "swiss"]
[EventRounds "9"]
[EventCountry "ESP"]
[SourceTitle "CB18_2025"]
[SourceDate "2025.04.30"]
[SourceVersion "1"]
[SourceVersionDate "2025.04.30"]
[SourceQuality "1"]

1. e4 e5 2. Nf3 Nc6 3. Bb5 a6 4. Ba4 d6 5. c4 Bg4 6. Nc3 Nf6 7. d3 Be7 8. Be3 0-0 9. h3 Bxf3 10. Qxf3 Nd4 11. Bxd4 exd4 12. Ne2 c6 13. 0-0 b5 14. Bb3 Qb6 15. Rac1 Nd7 16. Qg3 Nc5 17. cxb5 Nxb3 18. axb3 axb5 19. Rc2 Rfd8 20. Rfc1 c5 21. b4 Ra2 22. Nf4 Bf8 23. Nd5 Qb8 24. bxc5 dxc5 25. Nf6+ Kh8 26. Qxb8 Rxb8 27. Nd7 Rd8 28. Nxc5 g5 29. Nb3 Kg7 30. Ra1 Rxa1+ 31. Nxa1 Ra8 32. Nb3 Ra4 33. g3 h5 34. f4 Be7 35. Kg2 f5 36. exf5 gxf4 37. g4 1-0

[Event "San Vicente op 9th"]
[Site "San Vicente"]
[Date "2025.04.21"]
[Round "9"]
[White "Diaz Perez, Michel Alejandro"]
[Black "Puranik, Abhimanyu Sameer"]
[Result "1/2-1/2"]
[WhiteElo "2474"]
[BlackElo "2636"]
[PlyCount "84"]
[EventDate "2025.04.16"]
[EventType "swiss"]
[EventRounds "9"]
[EventCountry "ESP"]
[SourceTitle "CB17_2025"]
[SourceDate "2025.04.23"]
[SourceVersion "1"]
[SourceVersionDate "2025.04.23"]
[SourceQuality "1"]

1. d4 Nf6 2. c4 e6 3. Nc3 d5 4. cxd5 exd5 5. Bg5 Be6 6. e3 Nbd7 7. Bd3 c6 8. Nge2 h6 9. Bh4 g5 10. Bg3 Nh5 11. Qb3 Nxg3 12. Nxg3 Nb6 13. 0-0-0 h5 14. h4 gxh4 15. Nf5 Qf6 16. Qc2 Rg8 17. Nxh4 0-0-0 18. Kb1 Kb8 19. g3 Rc8 20. Ng2 Bg4 21. Rc1 Bf3 22. Rhg1 c5 23. dxc5 Bxc5 24. Nf4 d4 25. exd4 Bxd4 26. Be4 Rxc3 27. bxc3 Nc4 28. Ka1 Bxe4 29. Qb3 Nd2 30. Qb2 Nf3 31. cxd4 Nxg1 32. Qc3 Qh8 33. Rxg1 h4 34. Qe3 f5 35. f3 Bc6 36. gxh4 Rxg1+ 37. Qxg1 Qxh4 38. Qg8+ Kc7 39. Qf7+ Kb6 40. Qb3+ Kc7 41. Qf7+ Kb6 42. Qb3+ Kc7 1/2-1/2

[Event "San Vicente op 9th"]
[Site "San Vicente"]
[Date "2025.04.16"]
[Round "1"]
[White "Bukharkov, Stepan"]
[Black "Puranik, Abhimanyu Sameer"]
[Result "0-1"]
[WhiteElo "2125"]
[BlackElo "2636"]
[PlyCount "92"]
[EventDate "2025.04.16"]
[EventType "swiss"]
[EventRounds "9"]
[EventCountry "ESP"]
[SourceTitle "CB17_2025"]
[SourceDate "2025.04.23"]
[SourceVersion "1"]
[SourceVersionDate "2025.04.23"]
[SourceQuality "1"]

1. Nf3 d5 2. g3 Nc6 3. d4 Bf5 4. Bg2 Nb4 5. Na3 e6 6. 0-0 Be7 7. Bf4 g5 8. Bc1 h5 9. c3 Nc6 10. Qa4 h4 11. Ne5 f6 12. Nxc6 Qd7 13. b3 bxc6 14. Nc4 hxg3 15. fxg3 Bh3 16. Na5 c5 17. Qxd7+ Kxd7 18. Bxh3 Rxh3 19. Kg2 g4 20. dxc5 Bxc5 21. b4 Bb6 22. Nb3 Ne7 23. a4 Rah8 24. Rh1 a6 25. e4 dxe4 26. c4 c6 27. Bd2 Nf5 28. Rae1 e5 29. c5 Bc7 30. Be3 Ne7 31. Bf2 f5 32. b5 axb5 33. axb5 cxb5 34. c6+ Ke6 35. Nc5+ Kf7 36. Na6 Rc8 37. Rb1 Bd6 38. c7 Bxc7 39. Rbc1 Bd6 40. Rxc8 Nxc8 41. Rb1 f4 42. Bc5 e3 43. Bxd6 f3+ 44. Kg1 Nxd6 45. Nc5 f2+ 46. Kg2 Rxh2+ 0-1

[Event "Tashkent Agzamov Memorial 18th"]
[Site "Tashkent"]
[Date "2025.03.26"]
[Round "7"]
[White "Prraneeth, Vuppala"]
[Black "Puranik, Abhimanyu Sameer"]
[Result "0-1"]
[WhiteElo "2437"]
[BlackElo "2636"]
[PlyCount "84"]
[EventDate "2025.03.20"]
[EventType "swiss"]
[EventRounds "10"]
[EventCountry "UZB"]
[SourceTitle "CB14_2025"]
[SourceDate "2024.11.01"]
[SourceVersion "1"]
[SourceVersionDate "2024.11.01"]
[SourceQuality "1"]

1. e4 e6 2. d4 d5 3. e5 c5 4. c3 Nc6 5. Nf3 Bd7 6. Be2 Nge7 7. Na3 cxd4 8. cxd4 Nf5 9. Nc2 Be7 10. 0-0 0-0 11. Bd3 f6 12. Bxf5 exf5 13. Re1 Be8 14. Bf4 g5 15. exf6 Bxf6 16. Be5 Be7 17. h4 g4 18. Ng5 Bxg5 19. hxg5 Qxg5 20. g3 f4 21. Bxf4 Rxf4 22. gxf4 Qxf4 23. Qc1 Qf6 24. b4 Bg6 25. b5 Rf8 26. Qe3 Nd8 27. Re2 Be4 28. Qg3 Ne6 29. Qe5 Nf4 30. Rxe4 Nh3+ 31. Kh2 Qxf2+ 32. Kh1 Qf3+ 33. Kh2 Qxe4 34. Qxe4 dxe4 35. Kg3 h5 36. Re1 Ng5 37. d5 Kg7 38. Nd4 Kf6 39. Rf1+ Nf3 40. Ne6 Rg8 41. Nc5 Ke5 42. Nd7+ Kf5 0-1

[Event "Tashkent Agzamov Memorial 18th"]
[Site "Tashkent"]
[Date "2025.03.25"]
[Round "6"]
[White "Puranik, Abhimanyu Sameer"]
[Black "Nitish, Belurkar"]
[Result "1-0"]
[WhiteElo "2636"]
[BlackElo "2441"]
[PlyCount "103"]
[EventDate "2025.03.20"]
[EventType "swiss"]
[EventRounds "10"]
[EventCountry "UZB"]
[SourceTitle "CB14_2025"]
[SourceDate "2024.11.01"]
[SourceVersion "1"]
[SourceVersionDate "2024.11.01"]
[SourceQuality "1"]

1. Nf3 d5 2. g3 Bg4 3. Bg2 Nd7 4. h3 Bxf3 5. Bxf3 c6 6. 0-0 e5 7. d4 Ngf6 8. c4 dxc4 9. Nd2 exd4 10. Nxc4 Nb6 11. Qb3 Nxc4 12. Qxc4 Qb6 13. b4 Rd8 14. Rb1 Be7 15. Rd1 0-0 16. a4 a5 17. b5 Nd5 18. Rxd4 Bc5 19. bxc6 Qxb1 20. Qxc5 bxc6 21. Kg2 Rb8 22. Bd2 Qb6 23. Qc4 Rfd8 24. Rh4 Qb2 25. Bxa5 Rdc8 26. Be1 Qb3 27. Qe4 Nf6 28. Qf5 Re8 29. Rd4 Red8 30. Rxd8+ Rxd8 31. Bxc6 Qd1 32. Ba5 Rf8 33. Bc3 Qxe2 34. Bxf6 gxf6 35. Be4 Rd8 36. Qxh7+ Kf8 37. Bf3 Qd2 38. h4 Ke7 39. Qe4+ Kf8 40. Qh7 Ke7 41. Qf5 Rd4 42. Qc5+ Kd8 43. Qf8+ Kc7 44. Qxf7+ Rd7 45. Qxf6 Qe1 46. Qc6+ Kd8 47. Qb6+ Rc7 48. a5 Qe7 49. a6 Ke8 50. h5 Kf8 51. h6 Qf7 52. Qb8+ 1-0

[Event "Chessable Masters Play In"]
[Site "Chess.com INT"]
[Date "2025.02.17"]
[Round "2"]
[White "Bologan, Viktor"]
[Black "Puranik, Abhimanyu Sameer"]
[Result "0-1"]
[WhiteElo "2603"]
[BlackElo "2636"]
[PlyCount "136"]
[EventDate "2025.02.17"]
[EventType "swiss (blitz)"]
[EventRounds "9"]
[EventCountry "USA"]
[SourceTitle "CB08_2025"]
[SourceDate "2025.02.19"]
[SourceVersion "1"]
[SourceVersionDate "2025.02.19"]
[SourceQuality "1"]

1. e4 e5 2. Nf3 Nc6 3. Bc4 Nf6 4. d3 Bc5 5. c3 d6 6. Nbd2 h6 7. h3 a5 8. Nf1 Be6 9. Bb5 0-0 10. Bxc6 bxc6 11. g4 Nh7 12. Ng3 a4 13. Nf5 d5 14. Qe2 dxe4 15. dxe4 Bc8 16. Be3 Ba6 17. c4 Bxe3 18. Qxe3 Re8 19. Rd1 Qf6 20. b3 axb3 21. axb3 Bc8 22. Ng3 Qe7 23. 0-0 Nf8 24. Nf5 Qf6 25. Kg2 Ng6 26. Kg3 Ra3 27. Ra1 Rxa1 28. Rxa1 Bxf5 29. exf5 e4 30. Rd1 Nf8 31. Ng1 Qb2 32. Ne2 Nh7 33. Nf4 Nf6 34. Kg2 Rb8 35. Rd2 Qb1 36. Qc3 Kh7 37. Rb2 Qd1 38. Qe3 Ra8 39. Qe2 Qd6 40. Qe3 Rd8 41. b4 Qe5 42. Rd2 Rb8 43. c5 Qa1 44. Qd4 Qb1 45. Rb2 Qc1 46. Ne2 Qe1 47. Ng3 Ra8 48. Qe3 Qa1 49. Rd2 Ra3 50. Qd4 Qb1 51. Qb2 Qxb2 52. Rxb2 e3 53. fxe3 Rxe3 54. Ra2 Nd5 55. Kf2 Rb3 56. Ra8 Nxb4 57. Rf8 Nd3+ 58. Kf1 Ne5 59. Nh5 Rxh3 60. f6 gxf6 61. Rc8 Rc3 62. Nxf6+ Kg6 63. Ne4 Rc1+ 64. Ke2 Nxg4 65. Rxc7 Kf5 66. Nd6+ Ke6 67. Nxf7 Rxc5 68. Kf3 h5 0-1

[Event "Chessable Masters Play In"]
[Site "Chess.com INT"]
[Date "2025.02.17"]
[Round "7"]
[White "Ma, Qun"]
[Black "Puranik, Abhimanyu Sameer"]
[Result "1-0"]
[WhiteElo "2645"]
[BlackElo "2636"]
[PlyCount "103"]
[EventDate "2025.02.17"]
[EventType "swiss (blitz)"]
[EventRounds "9"]
[EventCountry "USA"]
[SourceTitle "CB08_2025"]
[SourceDate "2025.02.19"]
[SourceVersion "1"]
[SourceVersionDate "2025.02.19"]
[SourceQuality "1"]

1. e4 e6 2. d4 d5 3. Nc3 Nf6 4. Bg5 dxe4 5. Nxe4 Nbd7 6. Nf3 Be7 7. Nxf6+ Nxf6 8. Bd3 c5 9. dxc5 Qa5+ 10. Qd2 Qxc5 11. 0-0-0 0-0 12. Rhe1 Bd7 13. Ne5 Ba4 14. Qf4 Bb5 15. Bxb5 Qxb5 16. Qc4 Qa5 17. Bd2 Qb6 18. Be3 Qa5 19. Bd2 Qd5 20. Qxd5 Nxd5 21. c4 Rac8 22. Kb1 Nb6 23. b3 f6 24. Nd3 Kf7 25. Be3 Rfd8 26. a4 Rc6 27. f4 a6 28. a5 Nd7 29. Kc2 Rcc8 30. Re2 Nb8 31. Red2 Nc6 32. Bb6 Re8 33. Kc3 e5 34. fxe5 fxe5 35. b4 e4 36. Nc5 Bxc5 37. Bxc5 Nxa5 38. Rd7+ Kg8 39. Rf1 b6 40. Rff7 bxc5 41. Rxg7+ Kh8 42. Rxh7+ Kg8 43. Rhg7+ Kh8 44. bxa5 e3 45. Rge7 Rb8 46. Kd3 Rb3+ 47. Ke2 Reb8 48. Rxe3 Rb2+ 49. Rd2 Rxd2+ 50. Kxd2 Rb2+ 51. Kd3 Rxg2 52. Rh3+ 1-0

[Event "Chessable Masters Play In"]
[Site "Chess.com INT"]
[Date "2025.02.17"]
[Round "3"]
[White "Nihal, Sarin"]
[Black "Puranik, Abhimanyu Sameer"]
[Result "1/2-1/2"]
[WhiteElo "2687"]
[BlackElo "2636"]
[PlyCount "132"]
[EventDate "2025.02.17"]
[EventType "swiss (blitz)"]
[EventRounds "9"]
[EventCountry "USA"]
[SourceTitle "CB08_2025"]
[SourceDate "2025.02.19"]
[SourceVersion "1"]
[SourceVersionDate "2025.02.19"]
[SourceQuality "1"]

1. d4 Nf6 2. Nf3 g6 3. Bg5 Bg7 4. Nbd2 0-0 5. e3 d6 6. Bc4 Nc6 7. 0-0 h6 8. Bh4 e5 9. c3 Qe8 10. b4 Kh8 11. a4 Nh5 12. e4 exd4 13. Nxd4 Nxd4 14. cxd4 Bxd4 15. Rc1 Bg7 16. Re1 Be6 17. Bxe6 Qxe6 18. Rxc7 Rac8 19. Rxb7 Nf4 20. Nf3 Bc3 21. Re3 Bb2 22. Qd2 Bc1 23. Qd4+ Kg8 24. Re1 Rc4 25. Qf6 Qg4 26. Bg3 Nd3 27. h3 Qc8 28. Bxd6 Bb2 29. e5 Nxe1 30. Bxf8 Nxf3+ 31. gxf3 Qxf8 32. Rxa7 Rxb4 33. Rd7 Rd4 34. Rb7 Rd2 35. Qf4 Rd4 36. Qf6 Rb4 37. Rd7 Rb8 38. a5 Re8 39. f4 Qg7 40. Qb6 Bc1 41. e6 Be3 42. fxe3 Qa1+ 43. Kf2 Rxe6 44. Qd4 Qxd4 45. Rxd4 Ra6 46. Ra4 Kg7 47. h4 Kf6 48. e4 g5 49. hxg5+ hxg5 50. fxg5+ Kxg5 51. Ke3 f5 52. e5 Re6 53. Kd4 Ra6 54. Kc5 f4 55. Kb5 Re6 56. Re4 Kf5 57. Re1 f3 58. Rf1 Rxe5+ 59. Kb6 Kf4 60. a6 Kg3 61. a7 Re8 62. Re1 Ra8 63. Kb7 Rxa7+ 64. Kxa7 f2 65. Rf1 Kg2 66. Rxf2+ Kxf2 1/2-1/2

[Event "Chessable Masters Play In"]
[Site "Chess.com INT"]
[Date "2025.02.17"]
[Round "1"]
[White "Puranik, Abhimanyu Sameer"]
[Black "Dai, Changren"]
[Result "1-0"]
[WhiteElo "2636"]
[BlackElo "2527"]
[PlyCount "177"]
[EventDate "2025.02.17"]
[EventType "swiss (blitz)"]
[EventRounds "9"]
[EventCountry "USA"]
[SourceTitle "CB08_2025"]
[SourceDate "2025.02.19"]
[SourceVersion "1"]
[SourceVersionDate "2025.02.19"]
[SourceQuality "1"]

1. e4 e5 2. Nf3 Nc6 3. Bb5 a6 4. Ba4 Nf6 5. 0-0 Be7 6. Re1 b5 7. Bb3 0-0 8. d3 d6 9. Bd2 Bg4 10. c3 Bh5 11. h3 Re8 12. a4 Na5 13. Bc2 c5 14. Be3 b4 15. Nbd2 Rb8 16. Nf1 b3 17. Bb1 Qc7 18. Ng3 Bg6 19. Nh4 d5 20. Ngf5 dxe4 21. dxe4 c4 22. Qe2 Bf8 23. Bg5 Nd7 24. Ne3 Qc6 25. Nxg6 hxg6 26. Nd5 Bc5 27. Kh1 Nf8 28. Be3 Ne6 29. h4 Bxe3 30. Qxe3 Rbd8 31. g3 Nb7 32. a5 Nd6 33. Qb6 Qc8 34. Kh2 Nc5 35. Qc7 Qxc7 36. Nxc7 Re7 37. Nd5 Ree8 38. Nb6 f6 39. Kg2 Kf7 40. Kf3 Ke6 41. Rd1 f5 42. exf5+ gxf5 43. Ke2 e4 44. Rd4 Nd3 45. Nxc4 Nxc4 46. Rxc4 Ne5 47. Rb4 Nf3 48. g4 Rd2+ 49. Ke3 Rxb2 50. gxf5+ Kf6 51. Bxe4 Nxh4 52. Rb6+ Kf7 53. f3 Nxf5+ 54. Kf4 Ne7 55. Rxa6 Rc8 56. Rb6 Ra2 57. Rb1 Rxc3 58. a6 Ra4 59. Ke5 Ra5+ 60. Kd4 Rc7 61. R1xb3 Rc1 62. Bd3 Nc6+ 63. Ke3 Ne5 64. Rb7+ Kg8 65. Rb8+ Kf7 66. R3b7+ Kf6 67. Rf8+ Ke6 68. Re8+ Kf6 69. Rb6+ Kf7 70. Bb5 Rxb5 71. Rxb5 Nc4+ 72. Kd4 Kxe8 73. a7 Ra1 74. Rb8+ Kf7 75. a8Q Rxa8 76. Rxa8 Nd6 77. Ke5 Nc4+ 78. Kf4 Nd6 79. Ra6 Ne8 80. Kf5 Nf6 81. Ra7+ Kf8 82. Kg6 Ne8 83. Rf7+ Kg8 84. f4 Nd6 85. Rxg7+ Kf8 86. Rd7 Ne8 87. f5 Kg8 88. Rd8 Kf8 89. f6 1-0

[Event "Titled Tuesday intern op 04th Feb Early"]
[Site "Chess.com INT"]
[Date "2025.02.04"]
[Round "1"]
[White "Puranik, Abhimanyu Sameer"]
[Black "Meruga, Shanmukha R"]
[Result "1-0"]
[WhiteElo "2636"]
[BlackElo "1985"]
[PlyCount "93"]
[EventDate "2025.02.04"]
[EventType "swiss (blitz)"]
[EventRounds "11"]
[EventCountry "USA"]
[SourceTitle "CB07_2025"]
[SourceDate "2025.02.12"]
[SourceVersion "1"]
[SourceVersionDate "2025.02.12"]
[SourceQuality "1"]

1. e4 e6 2. d4 d5 3. Nd2 dxe4 4. Nxe4 Bd7 5. Nf3 Bc6 6. Ng3 Bxf3 7. Qxf3 c6 8. c3 Nd7 9. Bc4 Ngf6 10. 0-0 Bd6 11. a4 0-0 12. Qe2 Qc7 13. a5 e5 14. dxe5 Nxe5 15. Bb3 Rfe8 16. Bc2 Rad8 17. Bg5 Neg4 18. Qf3 h6 19. Bxf6 Nxf6 20. a6 b6 21. Rad1 Qc8 22. Nf5 Bb8 23. Nxh6+ Kf8 24. Nf5 Qc7 25. g3 c5 26. Kg2 Rxd1 27. Rxd1 Rd8 28. Rxd8+ Qxd8 29. h4 Qd5 30. Ne3 Qxf3+ 31. Kxf3 Ke7 32. Bb3 g6 33. g4 Nd7 34. Nd5+ Kd6 35. Ne3 Ne5+ 36. Ke4 f6 37. f4 Nc6 38. Bf7 Ne7 39. h5 gxh5 40. gxh5 f5+ 41. Nxf5+ Nxf5 42. Kxf5 Ke7 43. Bc4 Kf8 44. h6 Bd6 45. Kf6 Be7+ 46. Kg6 Bd6 47. h7 1-0

[Event "Titled Tuesday intern op 04th Feb Early"]
[Site "Chess.com INT"]
[Date "2025.02.04"]
[Round "6"]
[White "Puranik, Abhimanyu Sameer"]
[Black "Woodward, Andy"]
[Result "0-1"]
[WhiteElo "2636"]
[BlackElo "2544"]
[PlyCount "108"]
[EventDate "2025.02.04"]
[EventType "swiss (blitz)"]
[EventRounds "11"]
[EventCountry "USA"]
[SourceTitle "CB07_2025"]
[SourceDate "2025.02.12"]
[SourceVersion "1"]
[SourceVersionDate "2025.02.12"]
[SourceQuality "1"]

1. e4 c5 2. Nf3 d6 3. d4 cxd4 4. Nxd4 Nf6 5. Nc3 Nc6 6. Bg5 g6 7. Bxf6 exf6 8. Bc4 Bg7 9. Nde2 0-0 10. Qd2 f5 11. exf5 Bxf5 12. 0-0 a6 13. Ng3 Be6 14. Bxe6 fxe6 15. Rad1 d5 16. Rfe1 Qf6 17. Na4 Rae8 18. Nc5 Rf7 19. c3 Ne5 20. Qe2 Rc7 21. Nb3 Rce7 22. Nd4 Nc4 23. Nf3 b5 24. h4 h6 25. h5 g5 26. Nh2 Qf4 27. Rd3 Qc7 28. Ng4 Rf8 29. b3 Nd6 30. Rxd5 Bxc3 31. Nxh6+ Kh8 32. Rxd6 Qxd6 33. Rd1 Bd4 34. Ng4 Rd7 35. Kh2 Qf4 36. Kh3 Rh7 37. Qxe6 Bxf2 38. Qe5+ Rg7 39. Qxf4 gxf4 40. Ne4 Be3 41. Rd6 Re7 42. Rh6+ Rh7 43. Rxh7+ Kxh7 44. Nef6+ Kg7 45. h6+ Kg6 46. Nd7 Rh8 47. Nde5+ Kf5 48. Nf7 Rh7 49. Nd6+ Kg6 50. Ne4 Re7 51. Nef6 Re6 52. h7 Kg7 53. Nh6 Rxf6 54. Ng4 Rg6 0-1

[Event "Titled Tuesday intern op 28th Jan Early"]
[Site "Chess.com INT"]
[Date "2025.01.28"]
[Round "9"]
[White "Hayrapetyan, Edgar"]
[Black "Puranik, Abhimanyu Sameer"]
[Result "0-1"]
[WhiteElo "2137"]
[BlackElo "2636"]
[PlyCount "106"]
[EventDate "2025.01.28"]
[EventType "swiss (blitz)"]
[EventRounds "11"]
[EventCountry "USA"]
[SourceTitle "CB06_2025"]
[SourceDate "2025.02.05"]
[SourceVersion "1"]
[SourceVersionDate "2025.02.05"]
[SourceQuality "1"]

1. e4 e5 2. Nf3 Nc6 3. Bb5 a6 4. Ba4 Nf6 5. 0-0 b5 6. Bb3 Bb7 7. Nc3 Be7 8. d3 0-0 9. a4 Na5 10. Nxe5 Nxb3 11. cxb3 b4 12. Ne2 d5 13. Ng3 dxe4 14. dxe4 Nxe4 15. Be3 Nxg3 16. hxg3 Re8 17. Qxd8 Raxd8 18. Rac1 Bd6 19. Nc4 Bd5 20. Rfd1 Bf8 21. Bf4 Bxc4 22. Rxd8 Rxd8 23. Rxc4 c5 24. Be3 Rd1+ 25. Kh2 Rd5 26. g4 h5 27. gxh5 Bd6+ 28. g3 Rxh5+ 29. Kg2 Rd5 30. Kf3 Kf8 31. Ke4 Re5+ 32. Kf3 Ke7 33. Rg4 g6 34. Re4 Ke6 35. Rh4 Rf5+ 36. Ke2 Rh5 37. Re4+ Kd5 38. Re8 Rh1 39. Ra8 Rb1 40. Rxa6 Rxb2+ 41. Kf3 Rxb3 42. Ra7 Ra3 43. Ke2 b3 44. Kd2 Be5 45. Ra5 Ra2+ 46. Kc1 Ra1+ 47. Kd2 b2 48. Rxc5+ Kd6 49. Rb5 b1Q 50. Bc5+ Kc6 51. Rxb1 Rxb1 52. Be3 Ra1 53. Ke2 Rxa4 0-1